| 000 | 02039nam a2200277 a 4500 | ||
|---|---|---|---|
| 001 | BRCA_8768 | ||
| 005 | 20190320210412.0 | ||
| 008 | 290317c--------sp-#######---#000-0#spa-# | ||
| 041 | _aspa | ||
| 044 | _asp | ||
| 084 |
_aBE132 _b.S46 1755 |
||
| 100 | 1 |
_aSeñeri, Pablo _d1624-1694 _921265 |
|
| 245 | 1 | 0 |
_aQuaresma _cdel padre Pablo Señeri, de la compañía de Jesús, predicador de N. Santísima P. Inocencio XII. y su theologo ; traducida de la lengua toscana a la castellana por el Doctor Antonio de las Casas. |
| 260 |
_aBarcelona _bEn la Imprenta de Pedro Escudér, en la calle condal _c1755 |
||
| 300 |
_a[14]. 452 p. (t.1) _c20.3 x 16 cm. |
||
| 500 | _aCon licencia | ||
| 500 | _aCon marca de fuego: “Procedencia de la marca: Convento de San Francisco Santa María del Pueblito de Querétaro(1). Institución: Orden de Frailes Menores. Provincia de San Pedro y San Pablo de Michoacán. Descripción: Monograma conformado por las iniciales “P”, “u”, “E” seguidas de “b”, “I”, “T” y “o” que se desata como Pueblito(2) dentro de un filete en forma de rombo. Observaciones: Krausse la incluye entre las marcas no identificadas. David Saavedra la identifica como del Convento Franciscano de Santa María del Pueblito, Villa Corregidora de Querétaro. Con el testimonio de pertenencia ubicado en este ejemplar se corrobora la atribución realizada por David Saavedra. Ubicación de la marca en el libro: Canto superior, inferior y lateral” | ||
| 500 | _aEstado físico: presenta encuadernación en pergamino, con lomo desprendidos, cintas rotas y canto frontal manchado | ||
| 650 | 1 | 4 |
_aSermones de cuaresma _yObras anteriores a 1800 _921718 |
| 700 | 1 |
_aInocencio XII _dPapa _921719 |
|
| 700 | 1 |
_aCasas, Antonio de las _etr. _921837 |
|
| 700 | 1 |
_aEscudér, Pedro _eImpresor _921838 |
|
| 856 | _ahttp://www.marcasdefuego.buap.mx:8180/xmLibris/projects/firebrand/item.jsp?repository=marcas_de_fuego&key=marcas_de_fuego_franciscanas_20150618135223_2ccc.xml&num=124 | ||
| 902 | _aCFM | ||
| 942 |
_2lcc _cB |
||
| 999 |
_c8419 _d8419 |
||